[Event "OEISM 0818 BLMM"]
[Site "austriablmm"]
[Date "2020.12.12"]
[Round "9"]
[White "chessroman"]
[Black "SaRaHo"]
[Result "0-1"]
[WhiteElo "1529"]
[BlackElo "1634"]
[Annotator "NA RC"]
[PlyCount "160"]
[EventDate "2020.12.12"]
[EventType "blitz"]

1. e4 {[%emt 0:00:11]} e5 {[%emt 0:00:03]} 2. Nf3 {[%emt 0:00:02]} Nc6 {[%emt 0:00:03]} 3. Bc4 {[%emt 0:00:03]} Bc5 {[%emt 0:00:02]} 4. d3 {[%emt 0:00:03]} d6 {[%emt 0:00:10]} 5. h3 {[%emt 0:00:13]} h6 {[%emt 0:00:04]} 6. O-O {[%emt 0:00:06]} Nf6 {[%emt 0:00:02]} 7. Be3 {[%emt 0:00:06]} Nd4 {[%emt 0:00:11]} 8. c3 {[%emt 0:00:11]} Nxf3+ {[%emt 0:00:05]} 9. Qxf3 {[%emt 0:00:05]} Bxe3 {[%emt 0:00:02]} 10. fxe3 {[%emt 0:00:08]} O-O {[%emt 0:00:03]} 11. Nd2 {[%emt 0:00:09]} Be6 {[%emt 0:00:02]} 12. Bb3 {[%emt 0:00:04]} d5 {[%emt 0:00:04]} 13. exd5 {[%emt 0:00:15]} Nxd5 {[%emt 0:00:08]} 14. e4 {[%emt 0:00:07]} Nf6 {[%emt 0:00:03]} 15. Bxe6 {[%emt 0:00:05]} fxe6 {[%emt 0:00:02]} 16. Nc4 {[%emt 0:00:06]} Nd5 {[%emt 0:00:51]} 17. Qe2 {[%emt 0:00:19]} Nf4 {[%emt 0:00:04]} 18. Qe3 {[%emt 0:00:09]} Nxd3 {[%emt 0:00:07]} 19. Rxf8+ {[%emt 0:00:08]} Kxf8 {[%emt 0:00:06]} 20. Rd1 {[%emt 0:00:02]} b5 {[%emt 0:00:19]} 21. Nxe5 {[%emt 0:00:05]} Qf6 {[%emt 0:00:06]} 22. Rf1 {[%emt 0:00:16]} Nxe5 {[%emt 0:00:04]} 23. Rxf6+ {[%emt 0:00:02]} gxf6 {[%emt 0:00:02]} 24. Qxh6+ {[%emt 0:00:03]} Ke7 {[%emt 0:00:02]} 25. Qe3 {[%emt 0:00:10]} a6 {[%emt 0:00:09]} 26. Qc5+ {[%emt 0:00:06]} Kd7 {[%emt 0:00:05]} 27. g3 {[%emt 0:00:21]} Rg8 {[%emt 0:00:04]} 28. Kg2 {[%emt 0:00:06]} Rg5 {[%emt 0:00:45]} 29. Qa7 {[%emt 0:00:15]} Nc6 {[%emt 0:00:15]} 30. Qxa6 {[%emt 0:00:06]} Ne7 {[%emt 0:00:33]} 31. h4 {[%emt 0:00:08]} Rh5 {[%emt 0:00:09]} 32. c4 {[%emt 0:00:17]} bxc4 {[%emt 0:00:07]} 33. Qxc4 {[%emt 0:00:08]} Nc6 {[%emt 0:00:13]} 34. Qc3 {[%emt 0:00:21]} Rh6 {[%emt 0:00:07]} 35. a4 {[%emt 0:00:10]} Rg6 {[%emt 0:00:02]} 36. a5 {[%emt 0:00:08]} Ne7 {[%emt 0:00:23]} 37. a6 {[%emt 0:00:08]} f5 {[%emt 0:00:05]} 38. a7 {[%emt 0:00:15]} Rg8 {[%emt 0:00:05]} 39. Qa3 {[%emt 0:00:11]} Ra8 {[%emt 0:00:04]} 40. exf5 {[%emt 0:00:04]} exf5 {[%emt 0:00:02]} 41. Qd3+ {[%emt 0:00:08]} Kc8 {[%emt 0:00:08]} 42. Qa3 {[%emt 0:00:12]} Nc6 {[%emt 0:00:02]} 43. Qf8+ {[%emt 0:00:14]} Kb7 {[%emt 0:00:05]} 44. Qxf5 {[%emt 0:00:21]} Kxa7 {[%emt 0:00:13]} 45. Qd7 {[%emt 0:00:10]} Kb6 {[%emt 0:00:08]} 46. g4 {[%emt 0:00:30]} Rh8 {[%emt 0:00:05]} 47. Kg3 {[%emt 0:00:07]} Rd8 {[%emt 0:00:17]} 48. Qxd8 {[%emt 0:00:23]} Nxd8 {[%emt 0:00:03]} 49. h5 {[%emt 0:00:03]} Nf7 {[%emt 0:00:02]} 50. Kf4 {[%emt 0:00:03]} Kc6 {[%emt 0:00:02]} 51. Kf5 {[%emt 0:00:03]} Kd6 {[%emt 0:00:02]} 52. g5 {[%emt 0:00:03]} Ke7 {[%emt 0:00:04]} 53. g6 {[%emt 0:00:04]} Nh6+ {[%emt 0:00:03]} 54. Kg5 {[%emt 0:00:03]} Ng8 {[%emt 0:00:02]} 55. h6 {[%emt 0:00:02]} Kf8 {[%emt 0:00:08]} 56. h7 {[%emt 0:00:07]} Kg7 {[%emt 0:00:02]} 57. hxg8=Q+ {[%emt 0:00:04]} Kxg8 {[%emt 0:00:02]} 58. Kf6 {[%emt 0:00:02]} c5 {[%emt 0:00:03]} 59. b3 {[%emt 0:00:03]} Kf8 {[%emt 0:00:03]} 60. g7+ {[%emt 0:00:04]} Kg8 {[%emt 0:00:02]} 61. Kg6 {[%emt 0:00:01]} c4 {[%emt 0:00:03]} 62. b4 {[%emt 0:00:21]} c3 {[%emt 0:00:03]} 63. b5 {[%emt 0:00:01]} c2 {[%emt 0:00:07]} 64. Kf6 {[%emt 0:00:05]} c1=Q {[%emt 0:00:04]} 65. Ke6 {[%emt 0:00:03]} Qc4+ {[%emt 0:00:05]} 66. Kd6 {[%emt 0:00:05]} Qxb5 {[%emt 0:00:02]} 67. Ke7 {[%emt 0:00:02]} Kxg7 {[%emt 0:00:02]} 68. Kd6 {[%emt 0:00:02]} Kf6 {[%emt 0:00:04]} 69. Kc7 {[%emt 0:00:01]} Ke6 {[%emt 0:00:02]} 70. Kc8 {[%emt 0:00:04]} Qc6+ {[%emt 0:00:05]} 71. Kb8 {[%emt 0:00:02]} Kd7 {[%emt 0:00:03]} 72. Ka7 {[%emt 0:00:01]} Kd6 {[%emt 0:00:04]} 73. Kb8 {[%emt 0:00:02]} Kc5 {[%emt 0:00:02]} 74. Ka7 {[%emt 0:00:01]} Kb5 {[%emt 0:00:01]} 75. Kb8 {[%emt 0:00:02]} Ka5 {[%emt 0:00:02]} 76. Ka7 {[%emt 0:00:01]} Qb6+ {[%emt 0:00:08]} 77. Ka8 {[%emt 0:00:01]} Qd8+ {[%emt 0:00:02]} 78. Kb7 {[%emt 0:00:01]} Kb5 {[%emt 0:00:05]} 79. Ka7 {[%emt 0:00:02]} Kc6 {[%emt 0:00:05]} 80. Ka6 {[%emt 0:00:02]} Qb6# {[%emt 0:00:01] Mate Mate} 0-1

[Event "OEISM 0818 BLMM"]
[Site "austriablmm"]
[Date "2020.12.12"]
[Round "9"]
[White "Zauberbiene"]
[Black "Derenick2010"]
[Result "0-1"]
[WhiteElo "1469"]
[BlackElo "1497"]
[Annotator "NA"]
[PlyCount "54"]
[EventDate "2020.12.12"]
[EventType "blitz"]

1. e4 {[%emt 0:00:04]} e5 {[%emt 0:00:08]} 2. Nf3 {[%emt 0:00:03]} Nc6 {[%emt 0:00:01]} 3. Bc4 {[%emt 0:00:08]} Bc5 {[%emt 0:00:02]} 4. d3 {[%emt 0:00:06]} h6 {[%emt 0:00:02]} 5. c3 {[%emt 0:00:13]} Nf6 {[%emt 0:00:07]} 6. d4 {[%emt 0:00:04]} exd4 {[%emt 0:00:02]} 7. cxd4 {[%emt 0:00:03]} Bb4+ {[%emt 0:00:02]} 8. Nc3 {[%emt 0:00:10]} Bxc3+ {[%emt 0:00:01]} 9. bxc3 {[%emt 0:00:03]} Nxe4 {[%emt 0:00:05]} 10. Bd2 {[%emt 0:00:21]} Qe7 {[%emt 0:00:06]} 11. O-O {[%emt 0:00:06]} Nxd2 {[%emt 0:00:17]} 12. Qxd2 {[%emt 0:00:03]} O-O {[%emt 0:00:02]} 13. d5 {[%emt 0:00:10]} Ne5 {[%emt 0:00:07]} 14. Nxe5 {[%emt 0:00:08]} Qxe5 {[%emt 0:00:03]} 15. Rfe1 {[%emt 0:00:05]} Qf6 {[%emt 0:00:09]} 16. Re2 {[%emt 0:00:06]} Qg6 {[%emt 0:00:03]} 17. Rae1 {[%emt 0:00:12]} d6 {[%emt 0:00:13]} 18. Re8 {[%emt 0:00:10]} Bh3 {[%emt 0:00:02]} 19. g3 {[%emt 0:00:05]} Raxe8 {[%emt 0:00:06]} 20. Bd3 {[%emt 0:00:08]} Rxe1+ {[%emt 0:00:06]} 21. Qxe1 {[%emt 0:00:06]} Qxd3 {[%emt 0:00:04]} 22. Qc1 {[%emt 0:00:32]} Qf3 {[%emt 0:00:06]} 23. Qf1 {[%emt 0:00:28]} Bxf1 {[%emt 0:00:05]} 24. Kxf1 {[%emt 0:00:03]} Re8 {[%emt 0:00:03]} 25. h4 {[%emt 0:00:15]} Re2 {[%emt 0:00:05]} 26. Kg1 {[%emt 0:00:03]} Qxf2+ {[%emt 0:00:02]} 27. Kh1 {[%emt 0:00:04]} Qh2# {[%emt 0:00:01] Mate Mate} 0-1

[Event "OEISM 0818 BLMM"]
[Site "austriablmm"]
[Date "2020.12.12"]
[Round "9"]
[White "Armin_Donner"]
[Black "Tobias Gartner"]
[Result "1-0"]
[WhiteElo "1466"]
[BlackElo "1422"]
[Annotator "NA RC"]
[PlyCount "85"]
[EventDate "2020.12.12"]
[EventType "blitz"]

1. e4 {[%emt 0:00:02]} e5 {[%emt 0:00:02]} 2. Nf3 {[%emt 0:00:02]} Nc6 {[%emt 0:00:05]} 3. Bc4 {[%emt 0:00:05]} a6 {[%emt 0:00:01]} 4. d3 {[%emt 0:00:05]} h6 {[%emt 0:00:02]} 5. Nc3 {[%emt 0:00:08]} Nf6 {[%emt 0:00:01]} 6. h3 {[%emt 0:00:07]} Bb4 {[%emt 0:00:02]} 7. a3 {[%emt 0:00:03]} Bxc3+ {[%emt 0:00:01]} 8. bxc3 {[%emt 0:00:04]} O-O {[%emt 0:00:03]} 9. Bb2 {[%emt 0:00:15]} d6 {[%emt 0:00:05]} 10. Qe2 {[%emt 0:00:05]} Qe7 {[%emt 0:00:03]} 11. O-O-O {[%emt 0:00:03]} Be6 {[%emt 0:00:04]} 12. g4 {[%emt 0:00:04]} Bxc4 {[%emt 0:00:03]} 13. dxc4 {[%emt 0:00:02]} Rad8 {[%emt 0:00:03]} 14. g5 {[%emt 0:00:04]} Rfe8 {[%emt 0:00:02]} 15. gxf6 {[%emt 0:00:03]} gxf6 {[%emt 0:00:03]} 16. Rhg1+ {[%emt 0:00:02]} Kf8 {[%emt 0:00:04]} 17. Rg2 {[%emt 0:00:04]} Qe6 {[%emt 0:00:06]} 18. Rdg1 {[%emt 0:00:06]} Ke7 {[%emt 0:00:04]} 19. c5 {[%emt 0:00:26]} dxc5 {[%emt 0:00:03]} 20. Rg7 {[%emt 0:00:19]} Nb8 {[%emt 0:00:07]} 21. Rh7 {[%emt 0:00:04]} Rh8 {[%emt 0:00:06]} 22. Rxh8 {[%emt 0:00:15]} Rxh8 {[%emt 0:00:02]} 23. Rd1 {[%emt 0:00:19]} Rd8 {[%emt 0:00:15]} 24. Rg1 {[%emt 0:00:09]} Nc6 {[%emt 0:00:07]} 25. c4 {[%emt 0:00:10]} Na5 {[%emt 0:00:15]} 26. Nh4 {[%emt 0:00:23]} Nxc4 {[%emt 0:00:03]} 27. Nf5+ {[%emt 0:00:16]} Ke8 {[%emt 0:00:11]} 28. Rg8+ {[%emt 0:00:03]} Kd7 {[%emt 0:00:05]} 29. Rxd8+ {[%emt 0:00:15]} Kxd8 {[%emt 0:00:04]} 30. Qd1+ {[%emt 0:00:06]} Ke8 {[%emt 0:00:05]} 31. Ng7+ {[%emt 0:00:04]} Kf8 {[%emt 0:00:10]} 32. Nxe6+ {[%emt 0:00:02]} Ke7 {[%emt 0:00:09]} 33. Nxc7 {[%emt 0:00:04]} Nxb2 {[%emt 0:00:03]} 34. Kxb2 {[%emt 0:00:04]} Kf8 {[%emt 0:00:03]} 35. Qd8+ {[%emt 0:00:06]} Kg7 {[%emt 0:00:02]} 36. Nd5 {[%emt 0:00:16]} Kg6 {[%emt 0:00:04]} 37. Qd7 {[%emt 0:00:07]} h5 {[%emt 0:00:05]} 38. Qe8 {[%emt 0:00:08]} h4 {[%emt 0:00:05]} 39. Qg8+ {[%emt 0:00:05]} Kh5 {[%emt 0:00:05]} 40. Ne3 {[%emt 0:00:05]} a5 {[%emt 0:00:20]} 41. Qg4+ {[%emt 0:00:03]} Kh6 {[%emt 0:00:05]} 42. Nf5+ {[%emt 0:00:05]} Kh7 {[%emt 0:00:04]} 43. Qg7# {[%emt 0:00:03] Mate Mate} 1-0

[Event "OEISM 0818 BLMM"]
[Site "austriablmm"]
[Date "2020.12.12"]
[Round "9"]
[White "Alexander Hörfarter"]
[Black "Valeria5492"]
[Result "0-1"]
[WhiteElo "1459"]
[BlackElo "1389"]
[Annotator "NA"]
[PlyCount "56"]
[EventDate "2020.12.12"]
[EventType "blitz"]

1. e4 {[%emt 0:00:04]} e5 {[%emt 0:00:02]} 2. Nf3 {[%emt 0:00:04]} Nc6 {[%emt 0:00:02]} 3. Nc3 {[%emt 0:00:03]} Bc5 {[%emt 0:00:10]} 4. Bc4 {[%emt 0:00:03]} Nf6 {[%emt 0:00:02]} 5. d3 {[%emt 0:00:08]} d6 {[%emt 0:00:09]} 6. Bg5 {[%emt 0:00:04]} O-O {[%emt 0:00:20]} 7. h3 {[%emt 0:00:09]} Qe7 {[%emt 0:00:34]} 8. Nd5 {[%emt 0:00:05]} Qd8 {[%emt 0:00:20]} 9. Nxf6+ {[%emt 0:00:07]} gxf6 {[%emt 0:00:04]} 10. Bh6 {[%emt 0:00:04]} Re8 {[%emt 0:00:08]} 11. Nh4 {[%emt 0:00:10]} f5 {[%emt 0:00:18]} 12. Qf3 {[%emt 0:00:08]} Qxh4 {[%emt 0:00:18]} 13. Be3 {[%emt 0:00:04]} Nd4 {[%emt 0:00:16]} 14. Qd1 {[%emt 0:00:04]} a6 {[%emt 0:00:43]} 15. g3 {[%emt 0:00:04]} Qf6 {[%emt 0:00:16]} 16. c3 {[%emt 0:00:08]} Nc6 {[%emt 0:00:40]} 17. Bxc5 {[%emt 0:00:06]} dxc5 {[%emt 0:00:07]} 18. Qh5 {[%emt 0:00:12]} Be6 {[%emt 0:00:28]} 19. Bxe6 {[%emt 0:00:03]} Qxe6 {[%emt 0:00:05]} 20. exf5 {[%emt 0:00:06]} Qd5 {[%emt 0:00:18]} 21. Kd2 {[%emt 0:00:06]} e4 {[%emt 0:00:20]} 22. d4 {[%emt 0:00:07]} cxd4 {[%emt 0:00:28]} 23. cxd4 {[%emt 0:00:06]} Qxd4+ {[%emt 0:00:05]} 24. Kc2 {[%emt 0:00:01]} Nb4+ {[%emt 0:00:04]} 25. Kb3 {[%emt 0:00:02]} Re5 {[%emt 0:00:37]} 26. f4 {[%emt 0:00:16]} Qd3+ {[%emt 0:00:42]} 27. Ka4 {[%emt 0:00:06]} Qb5+ {[%emt 0:00:58]} 28. Ka3 {[%emt 0:00:03]} Nc2# {[%emt 0:00:03] Mate Mate} 0-1

[Event "OEISM 0818 BLMM"]
[Site "austriablmm"]
[Date "2020.12.12"]
[Round "9"]
[White "Leefke Giselbrecht"]
[Black "EdiRaber"]
[Result "0-1"]
[WhiteElo "1414"]
[BlackElo "1755"]
[Annotator "NA RC"]
[PlyCount "118"]
[EventDate "2020.12.12"]
[EventType "blitz"]

1. e4 {[%emt 0:00:03]} e5 {[%emt 0:00:02]} 2. Bc4 {[%emt 0:00:03]} Nf6 {[%emt 0:00:03]} 3. d3 {[%emt 0:00:02]} Bc5 {[%emt 0:00:03]} 4. Nf3 {[%emt 0:00:03]} d6 {[%emt 0:00:02]} 5. c3 {[%emt 0:00:02]} Be6 {[%emt 0:00:05]} 6. Bb3 {[%emt 0:00:04]} Nc6 {[%emt 0:00:04]} 7. O-O {[%emt 0:00:04]} O-O {[%emt 0:00:04]} 8. Nbd2 {[%emt 0:00:08]} Bg4 {[%emt 0:00:16]} 9. Re1 {[%emt 0:00:03]} d5 {[%emt 0:00:04]} 10. exd5 {[%emt 0:00:05]} Nxd5 {[%emt 0:00:02]} 11. Nf1 {[%emt 0:00:05]} Nf4 {[%emt 0:00:05]} 12. Ng3 {[%emt 0:00:05]} Nxd3 {[%emt 0:00:09]} 13. Rf1 {[%emt 0:00:15]} Nxf2 {[%emt 0:00:19]} 14. Rxf2 {[%emt 0:00:04]} Bxf2+ {[%emt 0:00:12]} 15. Kxf2 {[%emt 0:00:05]} Qxd1 {[%emt 0:00:01]} 16. Bxd1 {[%emt 0:00:03]} e4 {[%emt 0:00:04]} 17. Nxe4 {[%emt 0:00:05]} Rad8 {[%emt 0:00:04]} 18. Bf4 {[%emt 0:00:04]} Rfe8 {[%emt 0:00:08]} 19. Neg5 {[%emt 0:00:09]} f6 {[%emt 0:00:08]} 20. Bb3+ {[%emt 0:00:05]} Kf8 {[%emt 0:00:09]} 21. Nxh7+ {[%emt 0:00:37]} Ke7 {[%emt 0:00:04]} 22. Re1+ {[%emt 0:00:04]} Kd7 {[%emt 0:00:02]} 23. Rxe8 {[%emt 0:00:23]} Rxe8 {[%emt 0:00:03]} 24. h3 {[%emt 0:00:11]} Bf5 {[%emt 0:00:02]} 25. Nxf6+ {[%emt 0:00:28]} gxf6 {[%emt 0:00:17]} 26. Nh4 {[%emt 0:00:09]} Bh7 {[%emt 0:00:07]} 27. Nf3 {[%emt 0:00:11]} Ne5 {[%emt 0:00:07]} 28. Bxe5 {[%emt 0:00:21]} fxe5 {[%emt 0:00:10]} 29. Ng5 {[%emt 0:00:04]} Bg6 {[%emt 0:00:04]} 30. Nf3 {[%emt 0:00:22]} e4 {[%emt 0:00:04]} 31. Nd4 {[%emt 0:00:05]} c5 {[%emt 0:00:12]} 32. Ne2 {[%emt 0:00:19]} b5 {[%emt 0:00:04]} 33. c4 {[%emt 0:00:15]} a6 {[%emt 0:00:06]} 34. cxb5 {[%emt 0:00:04]} axb5 {[%emt 0:00:04]} 35. a4 {[%emt 0:00:02]} c4 {[%emt 0:00:05]} 36. Bc2 {[%emt 0:00:05]} e3+ {[%emt 0:00:01]} 37. Ke1 {[%emt 0:00:02]} Bxc2 {[%emt 0:00:02]} 38. axb5 {[%emt 0:00:02]} Bd3 {[%emt 0:00:01]} 39. b6 {[%emt 0:00:03]} Bxe2 {[%emt 0:00:04]} 40. Kxe2 {[%emt 0:00:03]} Kc6 {[%emt 0:00:01]} 41. b7 {[%emt 0:00:02]} Kxb7 {[%emt 0:00:02]} 42. g4 {[%emt 0:00:02]} Kc7 {[%emt 0:00:01]} 43. h4 {[%emt 0:00:02]} Kd6 {[%emt 0:00:02]} 44. h5 {[%emt 0:00:01]} Re6 {[%emt 0:00:08]} 45. g5 {[%emt 0:00:03]} Ke7 {[%emt 0:00:02]} 46. h6 {[%emt 0:00:02]} Kf7 {[%emt 0:00:03]} 47. h7 {[%emt 0:00:03]} Kg7 {[%emt 0:00:03]} 48. g6 {[%emt 0:00:02]} Re8 {[%emt 0:00:08]} 49. h8=Q+ {[%emt 0:00:09]} Kxh8 {[%emt 0:00:04]} 50. Ke1 {[%emt 0:00:10]} e2 {[%emt 0:00:04]} 51. g7+ {[%emt 0:00:05]} Kxg7 {[%emt 0:00:03]} 52. b4 {[%emt 0:00:04]} cxb3 {[%emt 0:00:03]} 53. Kd2 {[%emt 0:00:03]} e1=Q+ {[%emt 0:00:04]} 54. Kd3 {[%emt 0:00:03]} b2 {[%emt 0:00:00]} 55. Kd4 {[%emt 0:00:03]} b1=Q {[%emt 0:00:00]} 56. Kd5 {[%emt 0:00:03]} Re5+ {[%emt 0:00:02]} 57. Kd6 {[%emt 0:00:02]} Qb6+ {[%emt 0:00:03]} 58. Kd7 {[%emt 0:00:03]} Re7+ {[%emt 0:00:01]} 59. Kc8 {[%emt 0:00:03]} Qc7# {[%emt 0:00:00] Mate Mate} 0-1

[Event "OEISM 0818 BLMM"]
[Site "austriablmm"]
[Date "2020.12.12"]
[Round "9"]
[White "Schragerlaufer"]
[Black "Schaf2009"]
[Result "0-1"]
[WhiteElo "1361"]
[BlackElo "1813"]
[Annotator "NA"]
[PlyCount "90"]
[EventDate "2020.12.12"]
[EventType "blitz"]

1. e4 {[%emt 0:00:10]} c6 {[%emt 0:00:04]} 2. d4 {[%emt 0:00:02]} d5 {[%emt 0:00:02]} 3. exd5 {[%emt 0:00:19]} cxd5 {[%emt 0:00:02]} 4. Nc3 {[%emt 0:00:02]} Bf5 {[%emt 0:00:03]} 5. Bd3 {[%emt 0:00:22]} Bg6 {[%emt 0:00:05]} 6. Bxg6 {[%emt 0:00:09]} hxg6 {[%emt 0:00:00]} 7. Nf3 {[%emt 0:00:06]} Nf6 {[%emt 0:00:08]} 8. Be3 {[%emt 0:00:36]} e6 {[%emt 0:00:05]} 9. Qd3 {[%emt 0:00:20]} Nc6 {[%emt 0:00:13]} 10. O-O-O {[%emt 0:00:26]} a6 {[%emt 0:00:15]} 11. Rhe1 {[%emt 0:00:07]} Rc8 {[%emt 0:00:26]} 12. Bg5 {[%emt 0:00:37]} Be7 {[%emt 0:00:18]} 13. h4 {[%emt 0:00:54]} Nb4 {[%emt 0:01:23]} 14. Qd2 {[%emt 0:00:52]} b5 {[%emt 0:01:26]} 15. Ne5 {[%emt 0:00:40]} Nc6 {[%emt 0:01:00]} 16. f4 {[%emt 0:01:46]} b4 {[%emt 0:00:22]} 17. Ne2 {[%emt 0:00:20]} Ne4 {[%emt 0:00:02]} 18. Qd3 {[%emt 0:00:22]} Nxe5 {[%emt 0:00:22]} 19. fxe5 {[%emt 0:00:39]} Bxg5+ {[%emt 0:00:07]} 20. hxg5 {[%emt 0:00:09]} Nf2 {[%emt 0:00:03]} 21. Qf3 {[%emt 0:00:15]} Nxd1 {[%emt 0:00:04]} 22. Kxd1 {[%emt 0:00:01]} Qc7 {[%emt 0:00:04]} 23. c3 {[%emt 0:00:12]} bxc3 {[%emt 0:00:20]} 24. Nxc3 {[%emt 0:00:06]} Qc4 {[%emt 0:00:21]} 25. Rf1 {[%emt 0:00:11]} Qxd4+ {[%emt 0:00:06]} 26. Kc2 {[%emt 0:00:06]} Qe4+ {[%emt 0:00:12]} 27. Kd2 {[%emt 0:00:17]} Qxf3 {[%emt 0:00:04]} 28. Rxf3 {[%emt 0:00:02]} Rh4 {[%emt 0:00:07]} 29. Ke3 {[%emt 0:00:05]} d4+ {[%emt 0:00:03]} 30. Kd3 {[%emt 0:00:02]} dxc3 {[%emt 0:00:02]} 31. bxc3 {[%emt 0:00:01]} Rhc4 {[%emt 0:00:04]} 32. Rh3 {[%emt 0:00:02]} Rxc3+ {[%emt 0:00:02]} 33. Kd2 {[%emt 0:00:01]} Rxh3 {[%emt 0:00:00]} 34. gxh3 {[%emt 0:00:00]} Rc5 {[%emt 0:00:01]} 35. h4 {[%emt 0:00:01]} Rxe5 {[%emt 0:00:00]} 36. h5 {[%emt 0:00:02]} gxh5 {[%emt 0:00:01]} 37. g6 {[%emt 0:00:01]} fxg6 {[%emt 0:00:00]} 38. a4 {[%emt 0:00:01]} Rf5 {[%emt 0:00:00]} 39. a5 {[%emt 0:00:01]} h4 {[%emt 0:00:00]} 40. Ke2 {[%emt 0:00:01]} h3 {[%emt 0:00:00]} 41. Kd2 {[%emt 0:00:04]} h2 {[%emt 0:00:00]} 42. Kc2 {[%emt 0:00:01]} h1=Q {[%emt 0:00:01]} 43. Kb2 {[%emt 0:00:01]} Qh3 {[%emt 0:00:03]} 44. Ka1 {[%emt 0:00:04]} Rf2 {[%emt 0:00:00]} 45. Kb1 {[%emt 0:00:02]} Qf1# {[%emt 0:00:00] Mate Mate} 0-1

[Event "OEISM 0818 BLMM"]
[Site "austriablmm"]
[Date "2020.12.12"]
[Round "9"]
[White "Jeremia07"]
[Black "Blacky247"]
[Result "1-0"]
[WhiteElo "1312"]
[BlackElo "1614"]
[Annotator "NA"]
[PlyCount "171"]
[EventDate "2020.12.12"]
[EventType "blitz"]

1. e4 {[%emt 0:00:03]} e5 {[%emt 0:00:02]} 2. Nf3 {[%emt 0:00:02]} Nc6 {[%emt 0:00:04]} 3. Nc3 {[%emt 0:00:02]} Nf6 {[%emt 0:00:02]} 4. Bb5 {[%emt 0:00:02]} Bb4 {[%emt 0:00:10]} 5. O-O {[%emt 0:00:03]} Bxc3 {[%emt 0:00:04]} 6. bxc3 {[%emt 0:00:04]} Ne7 {[%emt 0:00:06]} 7. d4 {[%emt 0:00:03]} a6 {[%emt 0:00:03]} 8. Bc4 {[%emt 0:00:07]} d6 {[%emt 0:00:05]} 9. dxe5 {[%emt 0:00:03]} dxe5 {[%emt 0:00:04]} 10. Qxd8+ {[%emt 0:00:04]} Kxd8 {[%emt 0:00:02]} 11. Nxe5 {[%emt 0:00:03]} Ke8 {[%emt 0:00:11]} 12. Bd3 {[%emt 0:00:10]} Be6 {[%emt 0:00:11]} 13. Bg5 {[%emt 0:00:09]} h6 {[%emt 0:00:06]} 14. Bxf6 {[%emt 0:00:03]} gxf6 {[%emt 0:00:02]} 15. Nf3 {[%emt 0:00:07]} Rg8 {[%emt 0:00:04]} 16. Kh1 {[%emt 0:00:13]} c6 {[%emt 0:00:08]} 17. Rab1 {[%emt 0:00:14]} Bg4 {[%emt 0:00:05]} 18. Rxb7 {[%emt 0:00:04]} Bxf3 {[%emt 0:00:02]} 19. gxf3 {[%emt 0:00:03]} Ng6 {[%emt 0:00:20]} 20. Rb6 {[%emt 0:00:06]} Kd7 {[%emt 0:00:06]} 21. Rg1 {[%emt 0:00:08]} Kc7 {[%emt 0:00:03]} 22. Rb4 {[%emt 0:00:04]} Ne5 {[%emt 0:00:03]} 23. Rxg8 {[%emt 0:00:05]} Rxg8 {[%emt 0:00:03]} 24. Rb1 {[%emt 0:00:20]} Nd7 {[%emt 0:00:21]} 25. Rg1 {[%emt 0:00:07]} Rxg1+ {[%emt 0:00:04]} 26. Kxg1 {[%emt 0:00:03]} Ne5 {[%emt 0:00:05]} 27. Kg2 {[%emt 0:00:04]} Kd6 {[%emt 0:00:03]} 28. Bxa6 {[%emt 0:00:04]} Kc5 {[%emt 0:00:17]} 29. f4 {[%emt 0:00:09]} Ng6 {[%emt 0:00:04]} 30. Kf3 {[%emt 0:00:15]} Kd6 {[%emt 0:00:06]} 31. a4 {[%emt 0:00:07]} Kc5 {[%emt 0:00:03]} 32. a5 {[%emt 0:00:16]} Kd6 {[%emt 0:00:03]} 33. Bb7 {[%emt 0:00:04]} Kc7 {[%emt 0:00:03]} 34. a6 {[%emt 0:00:04]} Kb8 {[%emt 0:00:04]} 35. Bxc6 {[%emt 0:00:03]} Ka7 {[%emt 0:00:02]} 36. Bb5 {[%emt 0:00:04]} Kb6 {[%emt 0:00:02]} 37. c4 {[%emt 0:00:07]} Nh4+ {[%emt 0:00:20]} 38. Kg3 {[%emt 0:00:10]} Ng6 {[%emt 0:00:02]} 39. h4 {[%emt 0:00:12]} h5 {[%emt 0:00:06]} 40. f5 {[%emt 0:00:06]} Ne7 {[%emt 0:00:03]} 41. Kf3 {[%emt 0:00:05]} Ng8 {[%emt 0:00:06]} 42. Ke3 {[%emt 0:00:08]} Ne7 {[%emt 0:00:04]} 43. Kd4 {[%emt 0:00:03]} Ka7 {[%emt 0:00:06]} 44. c5 {[%emt 0:00:06]} Ka8 {[%emt 0:00:11]} 45. c6 {[%emt 0:00:04]} Ka7 {[%emt 0:00:06]} 46. Kc5 {[%emt 0:00:08]} Nc8 {[%emt 0:00:08]} 47. Kd5 {[%emt 0:00:08]} Ne7+ {[%emt 0:00:03]} 48. Kd6 {[%emt 0:00:03]} Nc8+ {[%emt 0:00:02]} 49. Kc7 {[%emt 0:00:02]} Nb6 {[%emt 0:00:07]} 50. Kd8 {[%emt 0:00:07]} Na8 {[%emt 0:00:07]} 51. c7 {[%emt 0:00:04]} Nb6 {[%emt 0:00:05]} 52. c8=Q {[%emt 0:00:04]} Nxc8 {[%emt 0:00:02]} 53. Kxc8 {[%emt 0:00:02]} Kb6 {[%emt 0:00:01]} 54. Kb8 {[%emt 0:00:09]} Kxb5 {[%emt 0:00:08]} 55. a7 {[%emt 0:00:02]} Kb6 {[%emt 0:00:02]} 56. a8=Q {[%emt 0:00:03]} Kc5 {[%emt 0:00:03]} 57. Qa6 {[%emt 0:00:06]} Kd4 {[%emt 0:00:03]} 58. Qa5 {[%emt 0:00:09]} Kxe4 {[%emt 0:00:10]} 59. Kc7 {[%emt 0:00:05] Blacky247 offers a draw} Kf4 {[%emt 0:00:08]} 60. Kd6 {[%emt 0:00:06]} Kg4 {[%emt 0:00:04]} 61. Ke7 {[%emt 0:00:04]} Kxh4 {[%emt 0:00:03]} 62. Kxf7 {[%emt 0:00:02]} Kg5 {[%emt 0:00:02]} 63. c4 {[%emt 0:00:09]} h4 {[%emt 0:00:03]} 64. Qa1 {[%emt 0:00:06]} Kxf5 {[%emt 0:00:02]} 65. Qh1 {[%emt 0:00:04]} Ke5 {[%emt 0:00:09]} 66. Qxh4 {[%emt 0:00:07]} Kf5 {[%emt 0:00:01]} 67. Qxf6+ {[%emt 0:00:03]} Ke4 {[%emt 0:00:02]} 68. Qg5 {[%emt 0:00:03]} Kf3 {[%emt 0:00:02]} 69. Ke6 {[%emt 0:00:03]} Ke2 {[%emt 0:00:02]} 70. Qg3 {[%emt 0:00:03]} Kf1 {[%emt 0:00:02]} 71. Qc3 {[%emt 0:00:04]} Kg2 {[%emt 0:00:03]} 72. f4 {[%emt 0:00:03]} Kf2 {[%emt 0:00:03]} 73. Ke5 {[%emt 0:00:02]} Ke2 {[%emt 0:00:01]} 74. Ke4 {[%emt 0:00:01]} Kf2 {[%emt 0:00:01]} 75. Qf3+ {[%emt 0:00:03]} Ke1 {[%emt 0:00:02]} 76. Kd4 {[%emt 0:00:06]} Kd2 {[%emt 0:00:03]} 77. Qd3+ {[%emt 0:00:03]} Kc1 {[%emt 0:00:02]} 78. Ke3 {[%emt 0:00:07]} Kb2 {[%emt 0:00:03]} 79. Ke2 {[%emt 0:00:04]} Kc1 {[%emt 0:00:04]} 80. Ke1 {[%emt 0:00:05]} Kb2 {[%emt 0:00:02]} 81. c5 {[%emt 0:00:07]} Kc1 {[%emt 0:00:04]} 82. c6 {[%emt 0:00:02]} Kb2 {[%emt 0:00:03]} 83. c7 {[%emt 0:00:02]} Kc1 {[%emt 0:00:02]} 84. c8=Q+ {[%emt 0:00:03]} Kb2 {[%emt 0:00:02]} 85. Qcc2+ {[%emt 0:00:04]} Ka1 {[%emt 0:00:02]} 86. Qdd1# {[%emt 0:00:02] Mate Mate} 1-0